Top 10 Songs by Boston - Statistics

General Stats
  • This quiz has been taken 6 times
  • The average score is 5 of 10
Answer Stats
Hint Answer % Correct
4 Amanda
100%
7 Don't Look Back
100%
1 More Than a Feeling
100%
8 A Man I'll Never Be
50%
5 Smokin'
50%
3 Foreplay/Long Time
33%
2 Peace of Mind
33%
6 Rock & Roll Band
33%
9 Hitch a Ride
17%
10 Feelin' Satisfied
0%
No matching quizzes found
Score Distribution
Percent of People with Each Score
Percentile by Number Answered
Your Score History
You have not taken this quiz